[Event "Werner-Ott-Open Kreuzberger Sommer 2017"]
[Site "Berlin"]
[Date "2017.07.18"]
[Round "4.20"]
[White "Hilbig, Dieter"]
[Black "Ruether, Marc"]
[Result "1-0"]
[WhiteElo "1894"]
[BlackElo "1761"]
[PlyCount "79"]
[EventDate "2017.07.15"]
[EventType "swiss"]
[EventRounds "9"]
[EventCountry "GER"]
[SourceTitle "WOOKS 2017"]
[Source "SC Kreuzberg"]
[SourceDate "2017.07.18"]
[SourceVersion "1"]
[SourceVersionDate "2017.07.18"]
[SourceQuality "1"]
[WhiteTeam "ESV Gera"]
[BlackTeam "Queer-Springer SSV"]

1. e4 c5 2. Nc3 Nc6 3. f4 g6 4. Nf3 Bg7 5. Bb5 Nd4 6. O-O Nxb5 7. Nxb5 a6 8.
Nc3 e6 9. d4 cxd4 10. Nxd4 Qb6 11. Be3 Qxb2 12. Qd2 b5 13. a3 b4 14. Na4 Qxa3
15. Rxa3 bxa3 16. Nb3 Bb7 17. Nac5 Bc6 18. Rd1 Nf6 19. f5 O-O 20. e5 Nd5 21. f6
Bh8 22. Ne4 a5 23. Nd6 Rfb8 24. Bd4 a4 25. Nc5 a2 26. Ra1 Rb1+ 27. Kf2 Rxa1 28.
Bxa1 Rb8 29. Qh6 Rb1 30. Nxf7 Rxa1 31. Nxh8 Rf1+ 32. Kg3 Nxf6 33. exf6 Rxf6 34.
Qc1 Rf5 35. Nd3 Rg5+ 36. Qxg5 a1=Q 37. Qd8+ Kg7 38. Qe7+ Kh6 39. Nf7+ Kg7 40.
Ng5+ 1-0